ARRUPE JESUIT UNIVERSITY

CORONAVIRUS -STOP THE SPREAD - CLEAN,DISINFECT,COVER

The ethics of organ transplants : (Record no. 118451)

MARC details
000 -LEADER
fixed length control field 01217pam a2200325 a 4500
001 - CONTROL NUMBER
control field 4980801
003 - CONTROL NUMBER IDENTIFIER
control field ARRUPE
005 - DATE AND TIME OF LATEST TRANSACTION
control field 20131023175955.0
008 - FIXED-LENGTH DATA ELEMENTS--GENERAL INFORMATION
fixed length control field 981001s1998 nyua b 000 0 eng
010 ## - LIBRARY OF CONGRESS CONTROL NUMBER
LC control number 98031722
020 ## - INTERNATIONAL STANDARD BOOK NUMBER
International Standard Book Number 1573922242 (alk. paper)
040 ## - CATALOGING SOURCE
Original cataloging agency DLC
Transcribing agency DLC
Modifying agency DLC
050 00 - LIBRARY OF CONGRESS CALL NUMBER
Classification number RD120.7
Item number .E86 1998
082 00 - DEWEY DECIMAL CLASSIFICATION NUMBER
Classification number 174/.25
Edition number 21
300 ## - PHYSICAL DESCRIPTION
Other physical details ill. ;
Dimensions 23 cm.
245 04 - TITLE STATEMENT
Title The ethics of organ transplants :
Remainder of title the current debate /
Statement of responsibility, etc edited by Arthur L. Caplan and Daniel H. Coelho.
260 ## - PUBLICATION, DISTRIBUTION, ETC. (IMPRINT)
Place of publication, distribution, etc Amherst, NY :
Name of publisher, distributor, etc Prometheus Books,
Date of publication, distribution, etc c1998.
300 ## - PHYSICAL DESCRIPTION
Extent 350 p. :
490 1# - SERIES STATEMENT
Series statement [Contemporary issues]
504 ## - BIBLIOGRAPHY, ETC. NOTE
Bibliography, etc "Bibliography": p. 347-349.
504 ## - BIBLIOGRAPHY, ETC. NOTE
Bibliography, etc Includes bibliographical references.
650 #0 - SUBJECT ADDED ENTRY--TOPICAL TERM
Topical term or geographic name as entry element Transplantation of organs, tissues, etc.
General subdivision Moral and ethical aspects.
9 (RLIN) 2957
650 #0 - SUBJECT ADDED ENTRY--TOPICAL TERM
Topical term or geographic name as entry element Medical ethics.
9 (RLIN) 2958
700 1# - ADDED ENTRY--PERSONAL NAME
Personal name Caplan, Arthur L.
9 (RLIN) 2959
700 1# - ADDED ENTRY--PERSONAL NAME
Personal name Coelho, Daniel H.
9 (RLIN) 2960
830 #0 - SERIES ADDED ENTRY--UNIFORM TITLE
Uniform title Contemporary issues (Buffalo, N.Y.)
9 (RLIN) 2961
906 ## - LOCAL DATA ELEMENT F, LDF (RLIN)
a 7
b cbc
c orignew
d 1
e ocip
f 19
g y-gencatlg
942 ## - ADDED ENTRY ELEMENTS (KOHA)
Source of classification or shelving scheme Library of Congress Classification
Koha item type Monograph ( Printed materials)
Holdings
Withdrawn status Lost status Source of classification or shelving scheme Damaged status Not for loan Home library Current library Date acquired Total Checkouts Full call number Barcode Date last seen Date checked out Price effective from Koha item type
    Library of Congress Classification     ARRUPE LIBRARY ARRUPE LIBRARY 23/10/2013 1 RD120.7 .E86 1998 46410333 10/09/2019 13/10/2015 23/10/2013 Monograph ( Printed materials)

 

Arrupe Library. PO Box MP320 Mt Pleasant, Harare, Zimbabwe
263 242 745411|librarian@aju.ac.zw